| 000 | 00686nam a2200229 a 4500 | ||
|---|---|---|---|
| 999 |
_c7235 _d7235 |
||
| 001 | 7235 | ||
| 003 | BD-JhCC | ||
| 005 | 20180212111558.0 | ||
| 008 | 180206s1992 bg |||| |||| 000 0 eng d | ||
| 035 | _a(BD-JhCC) | ||
| 040 |
_aBD-JhCC _dBD-JhCC |
||
| 041 | _aeng | ||
| 082 |
_a327.73054 _bHUQ 1992 |
||
| 100 | _aHuque, Mahmidul | ||
| 245 |
_aThe Role of The United States in the India-Pakistan Conflict : _b1947-1971 quest for the stability / _cMahmudul Huque |
||
| 260 |
_aDhaka: _bAcademis Publishers; _c1992 |
||
| 300 |
_a216 p;, _c22 cm |
||
| 650 | _aUnited states -- Foreign Relation | ||
| 650 | _apolitics and government | ||
| 650 | _aDiplomatic relations | ||
| 942 |
_2ddc _cBK |
||